| 000 | 00361nam a2200121 a 4500 | ||
|---|---|---|---|
| 005 | 20140414131928.0 | ||
| 008 | 101103s19uu xx 00 eng d | ||
| 050 |
_aFIL _bL72 2002 |
||
| 100 | _aDyogi, Lian Kyla | ||
| 245 |
_aThe little angel who lost her wing : _bAng munting anghel na nawalan ng pakpak. |
||
| 260 |
_aManila : _bLampara, _c2002. |
||
| 999 |
_c112157 _d112157 |
||